000 00304nam a2200121Ia 4500
008 150201s2007 xx 000 0 und d
082 _a618.1
_bG07D
100 _aDAFTARY,SN
245 _a100+ CLINICAL CASES GYNAECOLOGY
260 _bAITBS
_aDELHI
_c2007
650 _aOBST & GYNAECOLOGY
942 _2ddc
_cBK
_02
999 _c766
_d766